000 00422nam a2200145 i 4500
001 bg
245 0 _aZbiór przepisów BHP w budownictwie.
_nT.3.
250 _aWyd.3 uakt. i rozszerz.
260 _aWarszawa,
_c1987.
040 _cBPK
041 _apol
942 _cKS
008 s pl f |000 0 pol
856 _uhttp://koha.tu.koszalin.pl/cgi-bin/koha/opac-detail.pl?biblionumber=5137
_yKatalog online BPK
999 _c5137
_d5137